| 000 | 00411nam a2200181Ia 4500 | ||
|---|---|---|---|
| 001 | 8913 | ||
| 003 | GE_BSU | ||
| 008 | 181216s||||||||xx |||||||||||||| ||und|| | ||
| 020 | _a9770013061220 | ||
| 040 | _cGE_BSU | ||
| 245 | 4 | _aThe Economist, February 8th-14st. 2014 | |
| 245 | _bNumber 8873. Volume 410 | ||
| 260 | _aParis | ||
| 260 | _c2014 | ||
| 300 | _a78p.30cm. | ||
| 653 | _aThe Economist | ||
| 942 | _cCR | ||
| 999 |
_c42220 _d42220 |
||